[Event "2007. Central Serbia champions"]
[Site "Vrnjacka Banja"]
[Date "2007.12.10"]
[Round "1.1"]
[White "Bozic, Milan"]
[Black "Savic, Miodrag R"]
[Result "1-0"]
[WhiteElo "2435"]
[BlackElo "2539"]
[PlyCount "139"]
[EventDate "2007.12.10"]

1. c4 e6 2. Nf3 Nf6 3. Nc3 Bb4 4. Qc2 b6 5. e4 Bxc3 6. bxc3 d6 7. d4 Nc6 8. e5
dxe5 9. dxe5 Nd7 10. Bg5 f6 11. exf6 gxf6 12. Bf4 Nc5 13. Rd1 Qe7 14. Nd4 Bb7
15. Nb3 Ne5 16. Be2 O-O 17. Rd4 Ng6 18. Bh6 Rfd8 19. Bh5 Rxd4 20. cxd4 Nxb3 21.
Qxb3 f5 22. Bxg6 hxg6 23. O-O Qh4 24. Qe3 Kf7 25. Bf4 g5 26. Bxg5 Qe4 27. f3
Qxe3+ 28. Bxe3 Rd8 29. Kf2 f4 30. Bxf4 Rxd4 31. Bxc7 Rxc4 32. Bb8 Rc2+ 33. Kg3
Rxa2 34. Rc1 Bd5 35. Rc7+ Kf6 36. Rxa7 Rc2 37. Ra6 b5 38. Bd6 Rb2 39. Rb6 Bc4
40. h4 Bf1 41. Kf4 Rxg2 42. Be5+ Kf7 43. h5 Bd3 44. Rb7+ Kg8 45. Ke3 Re2+ 46.
Kd4 Bf5 47. h6 b4 48. Rg7+ Kf8 49. h7 Rd2+ 50. Ke3 Rd3+ 51. Kf4 Bxh7 52. Rxh7
b3 53. Rb7 Ke8 54. Ke4 Rd1 55. Rxb3 Re1+ 56. Re3 Rb1 57. f4 Rb4+ 58. Kf3 Kf7
59. Ra3 Kg6 60. Ra8 Rb1 61. Rg8+ Kh5 62. Re8 Rb3+ 63. Ke4 Rb6 64. Bf6 Kg6 65.
Bd4 Ra6 66. Rf8 Kh5 67. Rb8 Ra2 68. Rb6 Re2+ 69. Be3 e5 70. fxe5 1-0

[Event "2007. Central Serbia champions"]
[Site "Vrnjacka Banja"]
[Date "2007.12.10"]
[Round "1.2"]
[White "Lajthajm, Borko"]
[Black "Tosic, Miroslav"]
[Result "0-1"]
[WhiteElo "2512"]
[BlackElo "2422"]
[PlyCount "43"]
[EventDate "2007.12.10"]

1. d4 Nf6 2. c4 e6 3. Nf3 d5 4. g3 Nbd7 5. Bg2 c6 6. Qc2 Bb4+ 7. Nbd2 b6 8. O-O
Bb7 9. e4 O-O 10. e5 Ne8 11. a3 Be7 12. Rd1 Nc7 13. b4 a5 14. cxd5 cxd5 15.
bxa5 Rxa5 16. Nb3 Ra8 17. Bg5 Nb5 18. Bxe7 Qxe7 19. a4 Rfc8 20. Qb2 Nc3 21.
Rdc1 Qb4 22. Ra3 0-1

[Event "2007. Central Serbia champions"]
[Site "Vrnjacka Banja"]
[Date "2007.12.10"]
[Round "1.3"]
[White "Kojovic, Dragan"]
[Black "Abramovic, Bosko"]
[Result "1-0"]
[WhiteElo "2413"]
[BlackElo "2508"]
[PlyCount "73"]
[EventDate "2007.12.10"]

1. e4 e5 2. Nc3 Nc6 3. Bc4 Nf6 4. d3 Bc5 5. Nf3 d6 6. h3 a6 7. Be3 Bxe3 8. fxe3
Ne7 9. d4 exd4 10. exd4 d5 11. exd5 O-O 12. O-O Nexd5 13. Nxd5 Nxd5 14. Qd2 h6
15. Ne5 Be6 16. Rae1 Qd6 17. Qf2 c6 18. c3 f6 19. Ng6 Rfe8 20. Bd3 Bf7 21. Ne5
Be6 22. Nc4 Qd7 23. Qg3 Kh8 24. Nd6 Re7 25. c4 Nc7 26. Qg6 Bg8 27. Rxe7 Qxe7
28. Nf5 Qf8 29. Nh4 Qd8 30. Qe4 g5 31. Ng6+ Kg7 32. Ne7 Bf7 33. Rxf6 Kf8 34.
Rxh6 Ne6 35. Nf5 Qd7 36. Qe5 Re8 37. Qf6 1-0

[Event "2007. Central Serbia champions"]
[Site "Vrnjacka Banja"]
[Date "2007.12.10"]
[Round "1.5"]
[White "Maksimovic, Branimir"]
[Black "Pikula, Dejan"]
[Result "0-1"]
[WhiteElo "2367"]
[BlackElo "2494"]
[PlyCount "113"]
[EventDate "2007.12.10"]

1. d4 Nf6 2. c4 e6 3. Nf3 b6 4. e3 Bb7 5. Bd3 Bb4+ 6. Bd2 Be7 7. O-O c5 8. Bc3
O-O 9. Nbd2 d6 10. b4 cxb4 11. Bxb4 e5 12. Qc2 Nbd7 13. a4 a5 14. Ba3 Rc8 15.
Qb1 Rc7 16. Re1 Re8 17. Ng5 h6 18. Nge4 Nxe4 19. Bxe4 Ba6 20. Bd5 Bf8 21. Qb3
exd4 22. exd4 Rxe1+ 23. Rxe1 Nf6 24. Qxb6 Nxd5 25. Qxa6 Nc3 26. Nf1 Re7 27. Ne3
Re4 28. Qc6 Qf6 29. Bb2 Qxd4 30. Bxc3 Qxc3 31. Rd1 Re5 32. g3 Qb3 33. Rf1 h5
34. Kg2 h4 35. Qd7 Qd3 36. Qg4 Re4 37. Qf3 Rxc4 38. Rd1 Qe4 39. Qxe4 Rxe4 40.
Ra1 hxg3 41. hxg3 g6 42. Kf3 Rb4 43. Nd5 Rb3+ 44. Kg4 Bg7 45. Rc1 Bd4 46. f3
Kg7 47. Rc4 Bc5 48. Kf4 Rd3 49. Ke4 Rd2 50. Nc7 f5+ 51. Kf4 Kf6 52. Ne8+ Kf7
53. Nc7 Rd3 54. g4 Be3+ 55. Kg3 f4+ 56. Kh3 Bd2 57. Nb5 0-1

[Event "2007. Central Serbia champions"]
[Site "Vrnjacka Banja"]
[Date "2007.12.10"]
[Round "1.6"]
[White "Drazic, Sinisa"]
[Black "Sredojevic, Ivan"]
[Result "1-0"]
[WhiteElo "2493"]
[BlackElo "2357"]
[PlyCount "59"]
[EventDate "2007.12.10"]

1. d4 c5 2. dxc5 e6 3. Nc3 Bxc5 4. Ne4 d5 5. Nxc5 Qa5+ 6. c3 Qxc5 7. e4 dxe4 8.
Qa4+ Nc6 9. Qxe4 Qe5 10. Qxe5 Nxe5 11. f4 Nc6 12. Nf3 Nf6 13. Be3 Nd5 14. Bd2
O-O 15. Be2 b6 16. c4 Ndb4 17. Kf2 Rd8 18. Bc3 a5 19. a3 Na6 20. b4 Nc7 21. b5
Ne7 22. Rhd1 Bd7 23. Rd6 Ne8 24. Rxb6 Nc8 25. Ra6 Rxa6 26. bxa6 Ncd6 27. Bxa5
Ra8 28. Bb4 Rxa6 29. c5 Nb5 30. Ne5 1-0

[Event "2007. Central Serbia champions"]
[Site "Vrnjacka Banja"]
[Date "2007.12.10"]
[Round "1.7"]
[White "Chelushkina, Irina"]
[Black "Arsovic, Goran"]
[Result "1-0"]
[WhiteElo "2351"]
[BlackElo "2478"]
[Annotator ",compaq"]
[PlyCount "54"]
[EventDate "2007.12.10"]

1. e4 c5 2. Nf3 d6 3. Be2 Nf6 4. c3 g6 5. O-O Bg7 6. d3 O-O 7. a4 Nc6 8. Na3 h6
9. h3 e5 10. Be3 b6 11. b4 Be6 12. b5 Na5 13. c4 Nh5 14. Ra2 Nf4 15. Bxf4 exf4
16. d4 Rc8 17. Rd2 Qe7 18. Re1 Rfe8 19. Rf1 g5 20. Qc2 cxd4 21. Nxd4 Bxd4 22.
Rxd4 Rc5 23. Qd1 Nb7 24. Nc2 Bd7 25. Nb4 f6 26. Bf3 Re5 27. Re1 Rc8 {...necitko
} 1-0

[Event "2007. Central Serbia champions"]
[Site "Vrnjacka Banja"]
[Date "2007.12.10"]
[Round "1.8"]
[White "Todorovic, Goran M"]
[Black "Benderac, Ana"]
[Result "1-0"]
[WhiteElo "2470"]
[BlackElo "2328"]
[PlyCount "75"]
[EventDate "2007.12.10"]

1. e4 e5 2. Nf3 d6 3. d4 exd4 4. Nxd4 Nf6 5. Nc3 Be7 6. Bf4 O-O 7. Qd2 Nc6 8.
O-O-O Nxd4 9. Qxd4 Be6 10. Kb1 Nd7 11. f3 a6 12. g4 b5 13. h4 c5 14. Qd2 Ne5
15. Qf2 Qa5 16. Nd5 Bxd5 17. Rxd5 Nc4 18. g5 Rad8 19. Bxc4 bxc4 20. Bd2 Qa4 21.
Bc3 Rb8 22. Ka1 Rb5 23. Qd2 Rfb8 24. h5 Bd8 25. Rxd6 Bc7 26. Rd1 Bxd6 27. Qxd6
R5b7 28. Qe5 f6 29. Qd5+ Kf8 30. Qxc5+ Ke8 31. gxf6 Rd7 32. f7+ Kxf7 33. Qf5+
Ke7 34. Qe5+ Kf7 35. Qxg7+ Ke8 36. Qe5+ Kf7 37. Qf6+ Ke8 38. Qe6+ 1-0

[Event "2007. Central Serbia champions"]
[Site "Vrnjacka Banja"]
[Date "2007.12.10"]
[Round "1.9"]
[White "Misailovic, Nebojsa"]
[Black "Arsovic, Zoran"]
[Result "1/2-1/2"]
[WhiteElo "2318"]
[BlackElo "2459"]
[PlyCount "37"]
[EventDate "2007.12.10"]

1. e4 c5 2. Nc3 d6 3. g3 Nc6 4. Bg2 g6 5. d3 Bg7 6. Be3 Nd4 7. Qd2 Qa5 8. h3 e6
9. f4 Ne7 10. Nf3 O-O 11. O-O Nec6 12. Rf2 Bd7 13. Raf1 f5 14. Ne1 Rac8 15. Kh2
b5 16. a3 Kh8 17. Nb1 Qxd2 18. Nxd2 a5 19. c3 1/2-1/2

[Event "2007. Central Serbia champions"]
[Site "Vrnjacka Banja"]
[Date "2007.12.10"]
[Round "1.10"]
[White "Vratonjic, Slobo"]
[Black "Mrsevic, Miroslav"]
[Result "1/2-1/2"]
[WhiteElo "2453"]
[BlackElo "2313"]
[Annotator ",compaq"]
[PlyCount "80"]
[EventDate "2007.12.10"]

1. e4 e5 2. Bc4 Nf6 3. d3 c6 4. Nf3 Be7 5. O-O Qc7 6. Nc3 b5 7. Bb3 O-O 8. a4
b4 9. Ne2 Na6 10. Bg5 Nc5 11. Bc4 Rd8 12. d4 d5 13. exd5 cxd5 14. Bb3 e4 15.
Ne5 Ba6 16. Re1 Rac8 17. Ng3 Ne6 18. Be3 g6 19. f4 Bd6 20. Rc1 Nf8 21. Qd2 N8d7
22. Qf2 Nb6 23. f5 g5 24. Bxg5 Bxe5 25. dxe5 Qxe5 26. Bxf6 Qxf6 27. a5 Nc4 28.
Bxc4 Rxc4 29. b3 Rc6 30. Rcd1 Kh8 31. Qxa7 Rxc2 32. Nxe4 Rg8 33. Ng3 Qxf5 34.
Qd4+ f6 35. Rd2 Rxd2 36. Qxd2 Qd3 37. Qxd3 Bxd3 38. Rd1 Bc2 39. Rxd5 f5 40. Rd6
Ra8 {...} 1/2-1/2

[Event "2007. Central Serbia champions"]
[Site "Vrnjacka Banja"]
[Date "2007.12.10"]
[Round "1.11"]
[White "Jokic, Miodrag"]
[Black "Nikolic, Stanimir"]
[Result "1-0"]
[WhiteElo "2174"]
[BlackElo "2297"]
[PlyCount "107"]
[EventDate "2007.12.10"]

1. d4 d5 2. c4 c6 3. Nc3 Nf6 4. Nf3 Nbd7 5. e3 e6 6. Bd3 Be7 7. O-O O-O 8. b3
b6 9. Bb2 Bb7 10. Qe2 c5 11. Rfd1 Ne4 12. dxc5 Nxc3 13. Bxc3 bxc5 14. cxd5 exd5
15. Ba6 Bc6 16. Bb5 Bb7 17. Ba6 Bc6 18. Bb5 Qb6 19. Bxc6 Qxc6 20. Rac1 Rac8 21.
Qd3 Nb6 22. Qa6 Rc7 23. Be5 Rd7 24. Nd4 Qc8 25. Qe2 f6 26. Bg3 Rdd8 27. Qb5 Qd7
28. Qxd7 Rxd7 29. Nc6 Kf7 30. Nxe7 Kxe7 31. Rxc5 Rc8 32. Rxc8 Nxc8 33. Kf1 Nb6
34. Ke2 Rb7 35. Rc1 Kd7 36. Rc5 h5 37. h3 g5 38. Kd3 h4 39. Bh2 Kd8 40. Kd4 Re7
41. Rc6 Re4+ 42. Kd3 Ke7 43. Rc7+ Ke6 44. f3 Rb4 45. Rb7 f5 46. Bc7 g4 47. Rxa7
gxh3 48. gxh3 Nd7 49. Ra6+ Kf7 50. Bd6 Rb5 51. Kd4 Nf6 52. b4 Nh7 53. a4 Rb7
54. Kxd5 1-0

[Event "2007. Central Serbia champions"]
[Site "Vrnjacka Banja"]
[Date "2007.12.10"]
[Round "1.12"]
[White "Biljanic, Ljubomir"]
[Black "Dorontic, Zoran"]
[Result "1-0"]
[WhiteElo "2291"]
[BlackElo "2167"]
[PlyCount "74"]
[EventDate "2007.12.10"]

1. d4 Nf6 2. c4 g6 3. Nc3 Bg7 4. e4 d6 5. Nf3 O-O 6. h3 e5 7. d5 Nbd7 8. Bd3 a5
9. Be3 h6 10. Qd2 Kh7 11. g4 Ng8 12. O-O-O b6 13. Nh2 Nc5 14. Bc2 Ne7 15. Rdg1
Ba6 16. Qe2 c6 17. Nf3 cxd5 18. exd5 Rc8 19. h4 e4 20. Nd2 Bxc3 21. bxc3 Nxd5
22. Bd4 Nf4 23. Qe3 Nfd3+ 24. Kb1 Bb7 25. h5 g5 26. f3 Re8 27. fxe4 Nf4 28. Rf1
Kg8 29. Rxf4 gxf4 30. Qxf4 Ne6 31. Qxh6 Nxd4 32. cxd4 Re6 33. Qe3 b5 34. cxb5
Qc7 35. Bb3 Rf6 36. Qg5+ Kf8 37. Qxf6 Qc3 1-0

[Event "2007. Central Serbia champions"]
[Site "Vrnjacka Banja"]
[Date "2007.12.10"]
[Round "1.13"]
[White "Ilic, Slobodan S"]
[Black "Djosic, Slavoljub"]
[Result "0-1"]
[WhiteElo "2166"]
[BlackElo "2280"]
[Annotator ",compaq"]
[PlyCount "102"]
[EventDate "2007.12.10"]

1. e4 e5 2. Nf3 d6 3. d4 Nd7 4. Bc4 c6 5. O-O Be7 6. Nc3 Ngf6 7. a4 a5 8. Re1
O-O 9. h3 Qc7 10. Ba2 h6 11. Nh4 Re8 12. Nf5 Nf8 13. dxe5 dxe5 14. Qf3 Ng6 15.
Qg3 Bxf5 16. exf5 Nf4 17. Bxf4 exf4 18. Qf3 Bb4 19. Bc4 Re5 20. Rxe5 Qxe5 21.
Bd3 Re8 22. Rb1 Re7 23. Ne2 Bd6 24. Kf1 Nh7 25. h4 Nf6 26. h5 Nh7 27. Ng1 Ng5
28. Qg4 Nh7 29. Qf3 Qd4 30. b3 Ng5 31. Qg4 Bc5 32. Qh4 Ne4 33. Bxe4 Qxe4 34.
Rc1 Qxf5 35. Qh3 Qf6 36. Qf3 Qe5 37. Rd1 Bb4 38. Ne2 Bd6 39. c3 Bc7 40. Nd4 Bb6
41. Ne2 Bc7 42. Nd4 Qg5 43. Qh3 Re8 44. Qf3 Qh4 45. Kg1 Bb6 46. Ne2 Bc7 47. Nd4
Qg5 48. Qh3 Rd8 49. Re1 Bb6 50. Nf5 Kh7 51. Ne7 Re8 {...} 0-1

[Event "2007. Central Serbia champions"]
[Site "Vrnjacka Banja"]
[Date "2007.12.11"]
[Round "1.15"]
[White "Antic, Dragan"]
[Black "Radosavljevic, Slobodan D"]
[Result "0-1"]
[WhiteElo "2158"]
[BlackElo "2256"]
[PlyCount "94"]
[EventDate "2007.12.10"]

1. d4 c5 2. Nf3 cxd4 3. Qxd4 Nc6 4. Qc4 g6 5. Bd2 Bg7 6. Bc3 Nf6 7. g4 h6 8.
Nbd2 O-O 9. g5 hxg5 10. Nxg5 e5 11. Ndf3 Nh5 12. O-O-O d5 13. e3 d4 14. exd4
exd4 15. Bd2 Qf6 16. Qb3 a5 17. a4 Bf5 18. Bc4 Rac8 19. Nxf7 Rxf7 20. Bg5 Bxc2
21. Qxb7 Qf5 22. Bxf7+ Kh7 23. Bxg6+ Qxg6 24. Qxc8 Nb4 25. Qc4 Qf5 26. Rxd4
Qxf3 27. Rg1 Bg6 28. Be3 Bxd4 29. Bxd4 Qe4 30. Kd1 Qf3+ 31. Kc1 Qf4+ 32. Kd1
Bc2+ 33. Ke2 Bd3+ 34. Qxd3+ Nxd3 35. Kxd3 Qxh2 36. Re1 Qd6 37. Rh1 Kg6 38. Ra1
Nf4+ 39. Ke4 Qd5+ 40. Ke3 Ne6 41. Rg1+ Kf5 42. Bc3 Nf4 43. f3 Qd3+ 44. Kf2 Nh3+
45. Kg2 Nxg1 46. Kxg1 Qxf3 47. Bxa5 Kg4 0-1

[Event "2007. Central Serbia champions"]
[Site "Vrnjacka Banja"]
[Date "2007.12.10"]
[Round "1.16"]
[White "Stojanovic, Zlatko"]
[Black "Draskovic, Dragan"]
[Result "1/2-1/2"]
[WhiteElo "2245"]
[BlackElo "2154"]
[PlyCount "23"]
[EventDate "2007.12.10"]

1. e4 e6 2. d4 d5 3. Nc3 dxe4 4. Nxe4 Nd7 5. Nf3 Ngf6 6. Nxf6+ Nxf6 7. Bg5 Be7
8. Bd3 c5 9. Qd2 Qb6 10. O-O-O cxd4 11. Nxd4 Bd7 12. Be3 1/2-1/2

[Event "2007. Central Serbia champions"]
[Site "Vrnjacka Banja"]
[Date "2007.12.10"]
[Round "1.17"]
[White "Simic, Milan"]
[Black "Milicevic, Miodrag"]
[Result "0-1"]
[WhiteElo "2140"]
[BlackElo "2243"]
[PlyCount "116"]
[EventDate "2007.12.10"]

1. d4 c5 2. d5 e5 3. e4 d6 4. Nc3 a6 5. a4 Be7 6. Nf3 Bg4 7. b3 Bxf3 8. Qxf3
Bg5 9. Bb2 Ne7 10. h4 Bf6 11. g3 Nd7 12. Nd1 O-O 13. Ne3 Kh8 14. Nc4 Qc7 15. a5
b5 16. axb6 Nxb6 17. Bc3 Nxc4 18. Bxc4 a5 19. O-O Nc8 20. Bb5 Bd8 21. Ra2 Ne7
22. Rfa1 Qb8 23. Bd3 f5 24. Bxa5 f4 25. Bxd8 Rxa2 26. Rxa2 Qxd8 27. Qg4 Rf6 28.
h5 Qf8 29. Ra7 fxg3 30. fxg3 Ng8 31. Qe2 Qb8 32. Ra1 Qb4 33. Ra8 Qb7 34. Ra4
Qd7 35. Kg2 h6 36. Bb5 Qe7 37. Qg4 Qf8 38. Qe2 Qe7 39. Bc6 Rf8 40. Ra1 Qg5 41.
c3 Nf6 42. Rf1 Rb8 43. Rxf6 Qxf6 44. Qa6 Qd8 45. Ba4 Qb6 46. Qe2 Rf8 47. Qg4 c4
48. bxc4 Qf2+ 49. Kh3 Qf1+ 50. Kh4 Rf2 51. Qc8+ Kh7 52. Bd7 Qh1+ 53. Kg4 Qxe4+
54. Kh3 Qg2+ 55. Kh4 Qh1+ 56. Kg4 Qd1+ 57. Kh4 Rh2+ 58. Bh3 Qf3 0-1

[Event "2007. Central Serbia champions"]
[Site "Vrnjacka Banja"]
[Date "2007.12.10"]
[Round "1.19"]
[White "Manojlovic, Selimir"]
[Black "Colovic, Zoran"]
[Result "1/2-1/2"]
[WhiteElo "2110"]
[BlackElo "2234"]
[Annotator ",compaq"]
[PlyCount "101"]
[EventDate "2007.12.10"]

1. e4 c5 2. Nf3 Nc6 3. d4 cxd4 4. Nxd4 Nf6 5. Nc3 e5 6. Ndb5 d6 7. a4 a6 8. Na3
Be6 9. Bc4 Be7 10. f3 O-O 11. Be3 Rc8 12. Nd5 Bxd5 13. Bxd5 Nxd5 14. Qxd5 Nb4
15. Qd2 d5 16. c3 d4 17. cxd4 Nc6 18. O-O Nxd4 19. Rad1 Qd7 20. Nc2 Rfd8 21.
Bxd4 exd4 22. b3 d3 23. Ne3 Qd4 24. Kh1 Bb4 25. Nf5 Bxd2 26. Nxd4 Rxd4 27. Rxd2
Rc3 28. Rb1 Rb4 29. Rdb2 a5 30. Kg1 Kf8 31. Kf1 Rd4 32. Ke1 Ke7 33. Kd2 Rc6 34.
Ke3 Rd7 35. Rd2 Rc3 36. h4 g6 37. g4 Ke6 38. b4 axb4 39. Rxb4 Ra3 40. f4 f6 41.
f5+ Ke7 42. g5 Kf7 43. fxg6+ hxg6 44. Rb5 Rxa4 45. Rxd3 Re7 46. Rd4 Ra1 47.
gxf6 $11 Kxf6 48. h5 Re1+ 49. Kd2 R1xe4 50. Rxe4 Rxe4 51. hxg6 1/2-1/2

[Event "2007. Central Serbia champions"]
[Site "Vrnjacka Banja"]
[Date "2007.12.10"]
[Round "1.20"]
[White "Misojcic, Miroslav"]
[Black "Karaklajic, Milutin"]
[Result "1/2-1/2"]
[WhiteElo "2232"]
[BlackElo "2099"]
[PlyCount "41"]
[EventDate "2007.12.10"]

1. d4 e6 2. c4 d5 3. Nf3 dxc4 4. e3 b5 5. a4 b4 6. Bxc4 Nf6 7. O-O Bb7 8. Nbd2
Nbd7 9. Re1 Be7 10. e4 O-O 11. e5 Nd5 12. Nb3 c5 13. a5 Rc8 14. dxc5 Nxc5 15.
Qd4 Nxb3 16. Bxb3 Bc5 17. Qg4 Ne7 18. Bg5 Qd3 19. a6 Ba8 20. Bxe7 Bxe7 21. Re3
1/2-1/2

[Event "2007. Central Serbia champions"]
[Site "Vrnjacka Banja"]
[Date "2007.12.10"]
[Round "1.21"]
[White "Lecic, Predrag"]
[Black "Savic, Dragan"]
[Result "0-1"]
[WhiteElo "2089"]
[BlackElo "2229"]
[PlyCount "48"]
[EventDate "2007.12.10"]

1. e4 e6 2. d4 d5 3. Nd2 Nf6 4. e5 Nfd7 5. f4 c5 6. c3 Nc6 7. Ndf3 Qa5 8. Kf2
b5 9. Ne2 b4 10. g3 Ba6 11. Bd2 Qb6 12. Be3 f6 13. Bh3 Na5 14. cxb4 Nc4 15.
bxc5 Qxb2 16. Bxe6 Nxc5 17. dxc5 Nxe3 18. Kxe3 Bxc5+ 19. Ned4 fxe5 20. fxe5 Rf8
21. Re1 Bxd4+ 22. Qxd4 Rxf3+ 23. Kxf3 Qxd4 24. Rad1 Qc3+ 0-1

[Event "2007. Central Serbia champions"]
[Site "Vrnjacka Banja"]
[Date "2007.12.10"]
[Round "1.22"]
[White "Zivkovic, Ivan B"]
[Black "Simic, Vladica"]
[Result "1-0"]
[WhiteElo "2222"]
[BlackElo "2082"]
[PlyCount "99"]
[EventDate "2007.12.10"]

1. e4 c5 2. Nf3 d6 3. d4 cxd4 4. Nxd4 Nf6 5. Nc3 a6 6. Be3 e5 7. Nb3 Be7 8. f3
Be6 9. Qd2 O-O 10. O-O-O b5 11. g4 b4 12. Nd5 Bxd5 13. exd5 a5 14. Kb1 Qc7 15.
g5 Nfd7 16. h4 Nb6 17. h5 a4 18. Nc1 Nc4 19. Bxc4 Qxc4 20. Rdg1 b3 21. cxb3
axb3 22. Nxb3 Nd7 23. Rg4 Qa6 24. Nc1 f5 25. gxf6 Bxf6 26. Rhg1 Rf7 27. Bh6 Kh8
28. Bg5 Qa5 29. Qg2 Bxg5 30. Rxg5 Rg8 31. Rd1 Nb6 32. Qe2 Na4 33. Nb3 Qa7 34.
Rg6 Rd8 35. Re6 Nc5 36. Nxc5 Qxc5 37. h6 gxh6 38. Rxh6 Rc8 39. Qd2 e4 40. Rhh1
e3 41. Qd3 Rfc7 42. Rde1 e2 43. a3 Qc1+ 44. Ka2 Qf4 45. Rxe2 Rb8 46. Reh2 Rbb7
47. Re2 Rb8 48. Rh5 Rcb7 49. Qc3+ Kg8 50. Rg2+ 1-0

[Event "2007. Central Serbia champions"]
[Site "Vrnjacka Banja"]
[Date "2007.12.10"]
[Round "1.24"]
[White "Boskovic, Zlatomir"]
[Black "Grujicic, Zoran"]
[Result "1/2-1/2"]
[WhiteElo "2207"]
[BlackElo "2044"]
[PlyCount "121"]
[EventDate "2007.12.10"]

1. d4 f5 2. e4 fxe4 3. Nc3 Nf6 4. Bg5 e6 5. Bxf6 Qxf6 6. Nxe4 Qe7 7. Qd2 Nc6 8.
Nf3 d6 9. Bb5 Bd7 10. O-O O-O-O 11. Rfe1 Qf7 12. Nfg5 Qh5 13. Bxc6 bxc6 14. Qa5
Re8 15. Ng3 Qg6 16. Qxa7 Kd8 17. N5e4 h5 18. Qb8+ Bc8 19. h3 h4 20. Nf1 Be7 21.
Rad1 d5 22. Nc3 Rhf8 23. Ne3 Bd6 24. Qa8 e5 25. dxe5 Rxe5 26. Ng4 Rg5 27. f3
Qf7 28. Qxc6 Rxg4 29. hxg4 Qf4 30. Rxd5 Qh2+ 31. Kf2 Qg3+ 32. Ke2 Re8+ 33. Ne4
Rxe4+ 34. fxe4 Bxg4+ 35. Kd2 Qf4+ 36. Kc3 Qg3+ 37. Kc4 Qxe1 38. Rxd6+ cxd6 39.
Qxd6+ Bd7 40. Qf8+ Kc7 41. Qc5+ Kd8 42. Qf8+ Kc7 43. Qc5+ Kd8 44. Qf8+ Kc7 45.
Qxg7 Qxe4+ 46. Kb3 Kc6 47. Qh8 Be6+ 48. Ka3 Qe3+ 49. b3 Qc1+ 50. Kb4 Qd2+ 51.
Ka3 Qc1+ 52. Ka4 Bd7 53. Qc3+ Kb6+ 54. Kb4 Qf4+ 55. Ka3 Bc6 56. Qg7 Qc1+ 57.
Kb4 Qf4+ 58. c4 Qd2+ 59. Ka3 Qc1+ 60. Kb4 Qd2+ 61. Ka3 1/2-1/2

[Event "2007. Central Serbia champions"]
[Site "Vrnjacka Banja"]
[Date "2007.12.11"]
[Round "1.25"]
[White "Filipovic, Tomislav"]
[Black "Radovanovic, Slavko"]
[Result "0-1"]
[WhiteElo "2010"]
[BlackElo "2200"]
[PlyCount "59"]
[EventDate "2007.12.10"]

1. d4 Nf6 2. c4 d6 3. Nc3 e5 4. dxe5 dxe5 5. Qxd8+ Kxd8 6. Bg5 c6 7. Nf3 Nbd7
8. O-O-O Kc7 9. Bxf6 gxf6 10. e3 Bb4 11. Be2 Bxc3 12. bxc3 Nc5 13. Nd2 Be6 14.
f3 f5 15. g3 a5 16. Kc2 a4 17. a3 Rhd8 18. Nb1 Rxd1 19. Rxd1 Nd7 20. Nd2 Nb6
21. Rb1 Nd7 22. Re1 Nc5 23. Rd1 Rd8 24. Nf1 Rxd1 25. Kxd1 Kd6 26. Kc2 Nd7 27.
Nd2 h6 28. g4 Nc5 29. h3 Ke7 30. Nf1 0-1

[Event "2007. Central Serbia champions"]
[Site "Vrnjacka Banja"]
[Date "2007.12.10"]
[Round "1.27"]
[White "Boskovic, Maksimilijan"]
[Black "Radenkovic, Dragan"]
[Result "0-1"]
[WhiteElo "1850"]
[BlackElo "2188"]
[PlyCount "62"]
[EventDate "2007.12.10"]

1. e4 Nf6 2. Nc3 d6 3. d4 g6 4. Bg5 Bg7 5. e5 Ng8 6. Nf3 h6 7. Bf4 d5 8. Bd3 e6
9. h4 Ne7 10. Qd2 Nd7 11. O-O-O a6 12. Ne2 c5 13. c3 Qa5 14. a3 Nc6 15. Ng3 Qb6
16. Be3 Na5 17. Qc2 Nb3+ 18. Kb1 c4 19. Bxg6 Bf8 20. Bh5 Qa5 21. Nd2 Nb6 22.
Nxb3 cxb3 23. Qc1 Bxa3 24. bxa3 Nc4 25. Rd2 Bd7 26. Be2 Nxa3+ 27. Kb2 Nc4+ 28.
Kb1 Na3+ 29. Kb2 Nc2 30. Kxb3 Ba4+ 31. Kb2 Qb6+ 0-1